Owady, pajęczaki i inne stawonogi Polskie - Statystyki

Ogólne statystyki
  • Ten quiz został rozwiązany 105 razy
    102 od ostatniego zresetowania
  • Średni wynik to 20 z 145
Statystyki odpowiedzi
Hint Odpowiedź % Poprawnych
Osa
76%
Mucha
73%
Pszczoła
73%
Trzmiel
70%
Bąk
63%
Komar
61%
Krab
61%
Modliszka
61%
Szerszeń
61%
Biedronka
52%
Rogacz Jelonek
52%
Np. majowy lub czerwcowy Chrabąszcz
49%
Od ziemniaka Stonka ziemniaczana
49%
Ważka
48%
Konik polny
46%
Paź
42%
Kleszcz
39%
Kątnik
38%
Latolistek Cytrynek
35%
Karaluch
35%
Krzyżak
35%
Cukrowy Rybik
35%
Od kapusty Bielinek kapustnik
34%
Stonoga
34%
Nartnik
32%
Pasikonik
32%
Rak
29%
Świerszcz
29%
Molaczek Mól
28%
Sczypawka Skorek
28%
Tramwajarz Kowal
27%
Apollo Niepylak
27%
Żółtobrzeżek Pływak
27%
Topik
27%
Mszyca
24%
Kosarz
23%
Niedźwiadek Turkuć podjadek
22%
Żuk gnojarz
20%
Hurtnica Mrówka czarna
19%
Pchła
19%
Wścieklica Mrówka czerwona
18%
Wesz
18%
Mustyk Meszka
16%
Faraonka Mrówka faraona
16%
Giez Mucha końska
16%
Tarantula
16%
Hodowlany Jedwabnik
15%
Jacica Jętka
15%
Mrówka rudnica
15%
Skakun
15%
Polski koliber Fruczak
14%
Od pokrzywy Rusałka pokrzywnik
14%
Szarańcza
14%
Modraszek
13%
Wywilżna karłowata Muszka owocówka
13%
Plujka
11%
Rusałka żałobnik
10%
Bagnik
8%
Pluskwiak
8%
Rusałka ceik
8%
Od ostu Rusałka osetnik
8%
Cykada
6%
Kołatek
6%
Pawik Rusałka pawie oczko
6%
Świetlik
6%
Wszoła
6%
Bzyg
5%
Chruścik
5%
Morski pająk Kikutnica
5%
Rusałka admirał
5%
Biegacz
4%
Od rzepy Bielinek rzepnik
4%
Mrówkolew
4%
Oleica
4%
Złotook
4%
Formierz Gliniarz
3%
Mieniak
3%
Muchówka
3%
Płeszka Pchełka
3%
Gryzek Psotnik
3%
modliszkowata Chwytówka
1%
Zadrzechnia Czarna pszczoła
1%
Grabarz
1%
Łowik
1%
Miesiarka Miesierka
1%
Pszczolinka
1%
Rozwielitka
1%
Ślepak
1%
Słonkowiec orzechowiec Słonik orzechowiec
1%
Strzel
1%
Trzyszcz
1%
Złotolitka
1%
Biegowiec
0%
Trzmielec ziemny Brzmik
0%
Bujanka
0%
Cofnik
0%
Czerwończyk
0%
Głodek
0%
Iskrzyk
0%
Kaczenica
0%
Karłątek
0%
Kiełż
0%
Komarniczek
0%
Kopułka
0%
Korowódka
0%
Korzenica
0%
Koziułka
0%
Kraśnik
0%
Kurzawnik
0%
Łuśniczek
0%
Małżoraczek
0%
Mrzyk
0%
Tatuś długonogi Nanosznik
0%
Niedźwiedziówka
0%
Nieskorek
0%
Lanula, lulula Oblaczek
0%
Ośliczka
0%
Pąkla
0%
Dostojek Perłowiec
0%
Piórolotek
0%
Marchwianka Połyśnica
0%
Próchniczek
0%
Karaluch amerykański Prosionka
0%
Przestrójnik
0%
Przeziernik
0%
Przybyszka
0%
Rewiś
0%
Rusałka kratowiec
0%
Skulica
0%
Skupieniec
0%
Śpicolotek
0%
Tarczyk
0%
Trociniarka
0%
Krępak Trzpiennik
0%
Tykotek
0%
Widłonóg
0%
Wielbłądka
0%
Krępak Włochacz
0%
Wpleszcz
0%
Zadychra
0%
Zgłębiec
0%
Zmieraczek
0%
Od rzeżuchy Zorzynek rzeżuchowiec
0%
Żupałek
0%
Zwierzchnica
0%
Nie znaleziono quizów pasujących do podanych kryteriów
Rozkład punktacji
Procent ludzi z każdym wynikiem
Percentyl według liczby udzielonych odpowiedzi
Twoja historia wyników
Nie rozwiązałeś tego quizu od ostatniego zresetowania